Financial management : theory and practice (Record no. 30044)

MARC details
000 -LEADER
fixed length control field 00475nam a2200181Ia 4500
020 ## - INTERNATIONAL STANDARD BOOK NUMBER
ISBN 9781362995
050 ## - CALL MARK
Classification number HG 4026 .O35/
100 ## - STATEMENT OF RESPONSIBILITY--MAIN AUTHOR NAME
Personal name Ofili, Ugwudioha M.
245 #0 - TITLE STATEMENT
Title Financial management : theory and practice
260 ## - PUBLICATION, DISTRIBUTION, ETC. (IMPRINT)
Place of publication Ile-ife, Nigeria
260 ## - PUBLICATION, DISTRIBUTION, ETC. (IMPRINT)
Name of publisher Obafemi Awolowo, university Press
260 ## - PUBLICATION, DISTRIBUTION, ETC. (IMPRINT)
Year of publication 2019
300 ## - PHYSICAL DESCRIPTION
Number of Pages 413 p
650 ## - SUBJECT ADDED ENTRY--TOPICAL TERM
Topical Term Corporations--Finance.
942 ## - ADDED ENTRY ELEMENTS (KOHA)
Koha item type Books
Holdings
Withdrawn status Lost status Source of classification or shelving scheme Damaged status Not for loan Permanent Location Current Location Shelving location Date acquired Accession Number Price effective from Koha item type
    Library of Congress Classification     NILE UNIVERSITY OF NIGERIA - MAIN LIBRARY NILE UNIVERSITY OF NIGERIA - MAIN LIBRARY Items on shelf 04/23/2025 0193006 04/23/2025 Books